Pastoračné centrum sv. Jána Pavla II., Sereď

Enregistré dans:
Détails bibliographiques
Auteur principal: Chovančíková, Barbora (Auteur)
Autres auteurs: Kalivodová, Martina (Directeur de thèse)
Format: Manuscrit Livre
Langue:slovaque
Publié: 2025
Sujets:
Accès en ligne:http://is.stuba.sk/zp/portal_zp.pl?podrobnosti=167526
CRZP
Tags: Ajouter un tag
Pas de tags, Soyez le premier à ajouter un tag!

MARC

LEADER 00000ntm a22000003a 4500
001 stuzp103728
003 SK-STU
005 20250724110754.5
007 ta
008 150427s2015----xo-----f-mn---000-0-slo-d
040 |a STU  |b slo 
041 0 |a slo 
100 1 |a Chovančíková, Barbora  |u 010310  |4 aut  |U SvF Stavebná fakulta  |T SvF Katedra architektúry  |X 114908  |U V181|V310  |Y 19  |7 114908 
242 0 1 |a Pastoral Center St. John Paul II, Sereď  |y eng 
245 1 0 |a Pastoračné centrum sv. Jána Pavla II., Sereď 
260 |c 2025 
650 4 |a pastoračné centrum  |2 slo 
650 4 |a charita  |2 slo 
650 4 |a novostavba  |2 slo 
650 4 |a komunitné centrum  |2 slo 
650 4 |a kaviareň  |2 slo 
650 4 |a Sereď  |2 slo 
650 4 |a new building  |2 eng 
650 4 |a pastoral centre  |2 eng 
650 4 |a charity  |2 eng 
650 4 |a community centre  |2 eng 
650 4 |a café  |2 eng 
650 4 |a Sereď  |2 eng 
700 1 |a Kalivodová, Martina  |u 010310  |k Z3  |4 ths  |U SvF Stavebná fakulta  |T SvF Katedra architektúry  |X 70030  |U V181|V310  |Y 19  |7 70030 
856 4 |u http://is.stuba.sk/zp/portal_zp.pl?podrobnosti=167526 
856 4 |u https://opac.crzp.sk/?fn=detailBiblioForm&sid=C9A1C75A261DD259FC84471E26A3  |z CRZP